000 00281nam a22001097a 4500
008 160622b xxu||||| |||| 00| 0 eng d
100 _9559
_aKentls Jack
245 _aHop, Skip and Jump Book
260 _aUSA
_bRandom House
_c1974
300 _aHop, Skip and Jump Book
942 _2ddc
_cBK
999 _c468
_d468